<?xml version="1.0" encoding="UTF-8"?>
<marc:record xmlns:marc="http://www.loc.gov/MARC21/slim">
   <marc:leader>00000nam a2200000 a 4500</marc:leader>
   <marc:datafield ind1="1" ind2=" " tag="100">
      <marc:subfield code="a">Spandler, Steffen</marc:subfield>
      <marc:subfield code="4">aut</marc:subfield>
      <marc:subfield code="e">Verfasser/-in</marc:subfield>
   </marc:datafield>
   <marc:datafield ind1=" " ind2=" " tag="653">
      <marc:subfield code="a">Softcover / Reisen/Reiseführer/Sportreisen</marc:subfield>
   </marc:datafield>
   <marc:datafield ind1=" " ind2=" " tag="653">
      <marc:subfield code="a">Aktivreisen/Europa</marc:subfield>
   </marc:datafield>
   <marc:datafield ind1=" " ind2=" " tag="653">
      <marc:subfield code="a">Vito</marc:subfield>
   </marc:datafield>
   <marc:datafield ind1=" " ind2=" " tag="653">
      <marc:subfield code="a">Sarajevo</marc:subfield>
   </marc:datafield>
   <marc:datafield ind1=" " ind2=" " tag="653">
      <marc:subfield code="a">Balkan</marc:subfield>
   </marc:datafield>
   <marc:datafield ind1=" " ind2=" " tag="653">
      <marc:subfield code="a">Mostar</marc:subfield>
   </marc:datafield>
   <marc:datafield ind1=" " ind2=" " tag="653">
      <marc:subfield code="a">dinarisches Gebirge</marc:subfield>
   </marc:datafield>
   <marc:datafield ind1=" " ind2=" " tag="653">
      <marc:subfield code="a">Wandern Balkan</marc:subfield>
   </marc:datafield>
   <marc:datafield ind1=" " ind2=" " tag="653">
      <marc:subfield code="a">Wandern Bosnien</marc:subfield>
   </marc:datafield>
   <marc:datafield ind1=" " ind2=" " tag="653">
      <marc:subfield code="a">Trebevic</marc:subfield>
   </marc:datafield>
   <marc:datafield ind1=" " ind2=" " tag="653">
      <marc:subfield code="a">Wanderbuch</marc:subfield>
   </marc:datafield>
   <marc:datafield ind1=" " ind2=" " tag="653">
      <marc:subfield code="a">Wanderführer</marc:subfield>
   </marc:datafield>
   <marc:datafield ind1=" " ind2=" " tag="653">
      <marc:subfield code="a">Mehrtagestour</marc:subfield>
   </marc:datafield>
   <marc:datafield ind1=" " ind2=" " tag="653">
      <marc:subfield code="a">Wandern</marc:subfield>
   </marc:datafield>
   <marc:datafield ind1=" " ind2=" " tag="653">
      <marc:subfield code="a">Abenteuer</marc:subfield>
   </marc:datafield>
   <marc:datafield ind1=" " ind2=" " tag="653">
      <marc:subfield code="a">Maglic</marc:subfield>
   </marc:datafield>
   <marc:datafield ind1=" " ind2=" " tag="653">
      <marc:subfield code="a">Reiseführer</marc:subfield>
   </marc:datafield>
   <marc:datafield ind1=" " ind2=" " tag="653">
      <marc:subfield code="a">Botin</marc:subfield>
   </marc:datafield>
   <marc:datafield ind1="0" ind2="0" tag="245">
      <marc:subfield code="a">Bosnien und Herzegowina - Der Süden</marc:subfield>
   </marc:datafield>
   <marc:datafield ind1="0" ind2="0" tag="245">
      <marc:subfield code="b">50 Touren auf dem wilden Balkan. Mit GPS-Tracks</marc:subfield>
   </marc:datafield>
   <marc:datafield ind1="0" ind2="0" tag="245">
      <marc:subfield code="c">Steffen Spandler</marc:subfield>
   </marc:datafield>
   <marc:datafield ind1=" " ind2="1" tag="264">
      <marc:subfield code="a">Oberhaching</marc:subfield>
      <marc:subfield code="b">Rother Bergverlag</marc:subfield>
      <marc:subfield code="c">2025</marc:subfield>
   </marc:datafield>
   <marc:datafield ind1="1" ind2=" " tag="490">
      <marc:subfield code="a">Rother Wanderführer</marc:subfield>
   </marc:datafield>
   <marc:datafield ind1=" " ind2=" " tag="250">
      <marc:subfield code="a">2., vollständig überarbeitete Auflage 2025, revidierte Ausgabe</marc:subfield>
   </marc:datafield>
   <marc:datafield ind1="1" ind2=" " tag="520">
      <marc:subfield code="a">
Sorgfältig recherchierte Touren durch die unberührte Wildnis von Bosnien und Herzegowina

Von einfachen Wanderungen bis zu mehrtägigen Trekkingtouren

Zuverlässige Tourenbeschreibungen, Wanderkarten, Höhenprofile und geprüfte GPS-Tracks zum Download

Bosnien und Herzegowina – ein unberührtes Wanderparadies. Beeindruckende Hochtäler, raue Steppen und markante Karstfelsen wechseln sich mit üppiger Vegetation ab. Die Landschaft erinnert an Szenen aus einem Winnetou-Film, während die kulturelle Vielfalt von Orient und Okzident überall spürbar ist. 50 sorgfältig ausgewählte Wanderungen im Rother Wanderführer »Bosnien und Herzegowina« lassen den wilden Balkan entdecken.

Abseits der ausgetretenen Pfade führen die Wanderungen durch die unberührte Bergwelt von Bosnien und Herzegowina – perfekt für Abenteurer und Naturfreunde. Schroffe Gipfel, tiefe Schluchten, abgelegene Seen und rauschende Wasserfälle: Jede Wanderung bietet neue Höhepunkte. Ob entspannte Halbtageswanderungen oder anspruchsvolle Mehrtagestouren, für jedes Level ist etwas dabei.

Auf den Wanderungen trifft man nicht nur auf atemberaubende Natur, sondern auch auf die herzliche Gastfreundschaft der Einheimischen. In abgelegenen Bergdörfern begegnet man Hirten und Kleinbauern, die ihre Kultur und Geschichte mit Freude teilen. Das Dinarische Gebirge dominiert das Landschaftsbild – von der mediterranen, sonnenverwöhnten Herzegowina bis zu den wasserreichen, grünen Bergen Bosniens. Und auch wenn der höchste Berg »nur« knapp 2.400 Meter misst, bieten sich ambitionierte Gebirgswanderungen genauso wie entspannte Touren durch sanfte Landschaften.

Jede Wanderung wird in diesem Rother Wanderführer detailliert beschrieben – mit zuverlässigen Routeninfos, detaillierten Karten und präzisen Höhenprofilen. Geprüfte GPS-Tracks zum Download garantieren eine sichere Orientierung in der Wildnis. Praktische Hinweise zu Startpunkten, Einkehrmöglichkeiten und Sehenswürdigkeiten machen die Tourplanung einfach und übersichtlich.

Mit dem Rother Wanderführer „Bosnien und Herzegowina“ erlebt man die wilde, ursprüngliche Natur dieses faszinierenden Landes hautnah – er ist der ideale Begleiter für unvergessliche Wanderabenteuer!
</marc:subfield>
   </marc:datafield>
   <marc:datafield ind1=" " ind2=" " tag="020">
      <marc:subfield code="a">9783763314119</marc:subfield>
      <marc:subfield code="9">9783763314119</marc:subfield>
   </marc:datafield>
   <marc:datafield ind1=" " ind2=" " tag="020">
      <marc:subfield code="a">3763314113</marc:subfield>
      <marc:subfield code="9">3763314113</marc:subfield>
   </marc:datafield>
   <marc:datafield ind1=" " ind2=" " tag="041">
      <marc:subfield code="a">ger</marc:subfield>
   </marc:datafield>
   <marc:datafield ind1=" " ind2=" " tag="300">
      <marc:subfield code="a">224 Seiten</marc:subfield>
   </marc:datafield>
</marc:record>
